| 000 | 00694nam a22001577a 4500 | ||
|---|---|---|---|
| 005 | 20260512095042.0 | ||
| 008 | 260512b |||||||| |||| 00| 0 eng d | ||
| 050 |
_aTHE HV 734 .G53 2025 _bC.1 |
||
| 100 | _aGichuri, Lucy | ||
| 245 | _aInfluence of Premarital Counseling on Marital, Satisfaction Among Married Couples in Pentecostal Churches in Turbo Sub-County, Kenya | ||
| 260 |
_aKisii _bKisii University _c2025 |
||
| 300 | _axx, 132p.:ill. | ||
| 500 | _aIncludes bibliographical references | ||
| 650 | _a1. Premarital counseling - Kenya - Case studies. 2. Marriage - Kenya - Religious aspects- Pentecostal churches. 3. Marital Satisfaction - Kenya - Turbo Sub-County. | ||
| 942 |
_2lcc _cREF |
||
| 999 |
_c217106 _d217106 |
||